• 首页
  • 本馆介绍
  • 公告通知
  • 最新文献
  • 馆藏检索
  • 电子资源
  • 读者导购
  • 参考咨询
  • 我的图书馆
  • 登录
  • 详细信息显示
  • 放入我的书架
  • 预约/预借图书
  • 作者相关作品
  • 分类相关作品
  • 丛书相关作品
  • 出版社相关作品

书目信息

  • 表格格式
  • 工作单格式
  • 卡片格式
题名:
挪威的森林
    
 
作者: 村上春树 著 ;林少华 译
分册:  
出版信息: 上海   上海译文出版社  2001
页数: 350页
开本: 20cm
丛书名:
单 册:
中图分类: I313.45
科图分类:
主题词: 长篇小说--日本--现代
电子资源:
ISBN: 7-5327-2569-3
000 00641nam0 2200205 45
001 0309151538
005 20070720190005.62
010    @a7-5327-2569-3@dCNY18.80
100    @a20030915d2001 km y0chiy0120 ea
101 0  @achi@cjpn
200 1  @a挪威的森林@ANuo Wei De Sen Lin@e全译本@EQuan Yi Ben@f(日)村上春树著@F(Ri)Cun Shang Chun ShuZhu@g林少华译
210    @a上海@c上海译文出版社@d2001
215    @a350页@d20cm
517    @a全译本@AQuan Yi Ben
606 0  @a长篇小说@y日本@z现代
690    @aI313.45@v4
701  0 @a村上春树@4著
702  0 @a林少华@ALin Shao Hua@4译
801    @aCN@bTSTC@c20070720
905    @b325279-298@dI313.45@e143-2@f20
    
    挪威的森林:全译本/(日)村上春树著/林少华译.-上海:上海译文出版社,2001
    350页;20cm
    
    
    ISBN 7-5327-2569-3:CNY18.80
    
●
相关链接 在E读中查询图书 在五车中查询图书 在当当中查询图书 在豆瓣中查询图书


正题名:挪威的森林     索取号:I313.45/143-2         预约/预借

序号 登录号 条形码 馆藏地/架位号 状态 备注
1 0325279   203252791   第二借阅区/ [索取号:I313.45/143-2] 在馆    
2 0325280   203252808   第二借阅区/ [索取号:I313.45/143-2] 在馆    
3 0325281   203252817   第二借阅区/ [索取号:I313.45/143-2] 在馆    
4 0325282   203252826   第二借阅区/ [索取号:I313.45/143-2] 在馆    
5 0325283   203252835   第二借阅区/ [索取号:I313.45/143-2] 在馆    
6 0325284   203252844   第二借阅区/ [索取号:I313.45/143-2] 在馆    
7 0325285   203252853   第二借阅区/ [索取号:I313.45/143-2] 在馆    
8 0325286   203252862   第二借阅区/ [索取号:I313.45/143-2] 在馆    
9 0325287   203252871   第二借阅区/ [索取号:I313.45/143-2] 在馆    
10 0325288   203252880   第二借阅区/ [索取号:I313.45/143-2] 在馆    
11 0325289   203252899   第二借阅区/ [索取号:I313.45/143-2] 在馆    
12 0325290   203252906   第二借阅区/ [索取号:I313.45/143-2] 在馆    
13 0325291   203252915   第二借阅区/ [索取号:I313.45/143-2] 在馆    
14 0325292   203252924   第二借阅区/ [索取号:I313.45/143-2] 在馆    
15 0325293   203252933   第二借阅区/ [索取号:I313.45/143-2] 在馆    
16 0325294   203252942   第二借阅区/ [索取号:I313.45/143-2] 在馆    
17 0325295   203252951   第二借阅区/ [索取号:I313.45/143-2] 在馆    
18 0325296   203252960   第二借阅区/ [索取号:I313.45/143-2] 在馆    
19 0325297   203252979   第二借阅区/ [索取号:I313.45/143-2] 在馆    
20 0325298   203252988   第一样本阅览室/ [索取号:I313.45/143-2] 在馆    
21 0501635   205016356   密集书库/ [索取号:I313.45/143-2] 在馆    
22 0769127   207691274   密集书库/ [索取号:I313.45/143-2] 在馆    
唐山师范学院图书馆 欢迎您!
大连网信软件有限公司© 版权所有